| 000 | 00577nam a2200229Ia 4500 | ||
|---|---|---|---|
| 008 | 160819s9999 xx 000 0 und d | ||
| 020 | _a1-85626-546-3 | ||
| 050 | _aCUL TX 724.5 | ||
| 050 | _b.I4P36 2004 | ||
| 100 | _aPanjabi, Camelia. | ||
| 245 | _a50 great curries of India / | ||
| 245 | _cCamellia Panjabi. | ||
| 250 | _aRevised Edition | ||
| 260 | _aLondon : | ||
| 260 | _bKyle Cathie Limited, | ||
| 260 | _c2004 | ||
| 300 | _a224 pages : | ||
| 300 | _bcolor illustrations ; | ||
| 300 | _c20 cm. | ||
| 500 | _aIncludes index. | ||
| 650 | _aCooking, Indie. | ||
| 999 |
_c300702 _d300702 |
||